书目信息 |
| 题名: |
博物馆里说并购
|
|
| 作者: | 袁渊 , 盛溢 , 钱津 编著 | |
| 分册: | ||
| 出版信息: | 北京 首都经济贸易大学出版社 2015.10 |
|
| 页数: | 226页 | |
| 开本: | 21cm | |
| 丛书名: | 中国金融博物馆 | |
| 单 册: | ||
| 中图分类: | F279.29 | |
| 科图分类: | ||
| 主题词: | 企业合并--qi ye he bing--经济史--研究--中国 | |
| 电子资源: | ||
| ISBN: | 978-7-5638-2424-3 | |
| 000 | 01134nam 2200301 450 | |
| 001 | 0100195291 | |
| 005 | 20201117081708.35 | |
| 010 | @a978-7-5638-2424-3@dCNY26.00 | |
| 100 | @a20151201d2015 em y0chiy50 ea | |
| 101 | 0 | @achi |
| 102 | @aCN@b110000 | |
| 105 | @aa z 000yy | |
| 106 | @ar | |
| 200 | 1 | @a博物馆里说并购@Abo wu guan li shuo bing gou@f袁渊, 盛溢, 钱津编著@Fyuan yuan , cheng yi , qian jin bian zhu |
| 210 | @a北京@c首都经济贸易大学出版社@d2015.10 | |
| 215 | @a226页@c图@d21cm | |
| 225 | 2 | @a中国金融博物馆@Azhong guo jin rong bo wu guan |
| 330 | @a本书讲述了晚清、民国、中国人民共和国成立后各个时期企业并购重大事件, 以引人入胜的故事拉近金融、并购与民众的距离, 普及并购战略、制度、实务、理论等金融知识。主要内容包括: 并购的来龙去脉 ; 并购的交易等4部分。 | |
| 410 | 0 | @12001 @a中国金融博物馆 |
| 540 | @a博物馆里说并购 | |
| 606 | 0 | @a企业合并@Aqi ye he bing@x经济史@x研究@y中国 |
| 690 | @aF279.29@v5 | |
| 701 | 0 | @a袁渊@Ayuan yuan@4编著 |
| 701 | 0 | @a盛溢@Acheng yi@4编著 |
| 701 | 0 | @a钱津@Aqian jin@4编著 |
| 801 | @aCN | |
| 901 | @a22 | |
| 905 | @a河南城建学院图书馆@b1294865-7@dF279.29@eY925@f3 | |
| 博物馆里说并购/袁渊, 盛溢, 钱津编著.-北京:首都经济贸易大学出版社,2015.10 |
| 226页:图;21cm.-(中国金融博物馆) |
| ISBN 978-7-5638-2424-3:CNY26.00 |
| 本书讲述了晚清、民国、中国人民共和国成立后各个时期企业并购重大事件, 以引人入胜的故事拉近金融、并购与民众的距离, 普及并购战略、制度、实务、理论等金融知识。主要内容包括: 并购的来龙去脉 ; 并购的交易等4部分。 |
| ● |
| 相关链接 |
|
|
|
正题名:博物馆里说并购
索取号:F279.29/Y925
 
预约/预借
| 序号 | 登录号 | 条形码 | 馆藏地/架位号 | 状态 | 备注 |
| 1 | 1294865 | 212948657 | 社科库409/409社科库 101排5列3层/ [索取号:F279.29/Y925] | 在馆 | |
| 2 | 1294866 | 212948664 | 社科库409/409社科库 101排5列3层/ [索取号:F279.29/Y925] | 在馆 | |
| 3 | 1294867 | 212948671 | 社科库409/409社科库 101排5列3层/ [索取号:F279.29/Y925] | 在馆 |